| 000 | 02808nam a2200349 a 4500 | ||
|---|---|---|---|
| 003 | OSt | ||
| 005 | 20250811141829.0 | ||
| 007 | cr ||||||a|a|a | ||
| 008 | 250630s2025 mx a|||fom||| 001 0 spa d | ||
| 040 | _erda | ||
| 100 | 1 |
_aGomez Champo, Yaini Leticia _9190539 |
|
| 245 | 1 | 0 |
_aMovilidad de cadmio en columnas de suelo agrícola como indicador de riesgo de contaminación de acuíferos/ _cpor Yaini Leticia Gomez Champo; director de tesis Antonio Vázquez Alarcón; secretario Francisco Rodríguez Neave; vocal Prócoro Díaz Vargas; suplente Edmundo Robledo Santoyo; suplente Luis Velazquez Ramirez. |
| 264 | 1 |
_aChapingo, México : _bEl autor, _c2024. |
|
| 300 |
_a1 recurso en línea (59 páginas): _bcuadros, figuras. |
||
| 336 |
_2rdacontent _atexto _btxt |
||
| 337 |
_2rdamedia _acomputadora _bc |
||
| 338 |
_2rdacarrier _arecurso en línea _bcr |
||
| 502 |
_bIAES _cSuelos _d2024. _gLIC |
||
| 504 | _aIncluye referencias bibliográficas: páginas 35-41. | ||
| 520 | _aLa contaminación por cadmio en suelos agrícolas y acuíferos representa un problema ambiental grave, debido a su naturaleza no biodegradable. La introducción de este metal puede deberse a diversas actividades, entre ellas la agricultura. El objetivo del presente estudio fue estimar y cuantificar la movilidad de cadmio, así como su fraccionamiento químico. El suelo utilizado provino del lote X-11 del Campo agrícola Experimental de la Universidad Autónoma Chapingo. El experimento se condujo en columnas de suelo y cada columna se contaminó con 200 mg/kg de Cadmio. Se le añadieron las láminas de agua (500, 1000 y 2000 mm) y se obtuvieron muestras que se sometieron al procedimiento de extracción secuencial con el método de Tessier y fueron analizadas mediante espectrofotometría de absorción atómica. Los resultados obtenidos muestran una marcada acumulación de cadmio en las secciones superiores de cada fracción y se disminuyó en las secciones inferiores. La mayor concentración de cadmio se obtuvo en la fracción ligada a carbonato, seguido del cadmio intercambiable, siendo este último el que tendría más tendencia a movilizarse a las partes inferiores o incluso al acuífero. | ||
| 650 | 4 |
_aSuelos _xAnálisis _9110204 |
|
| 650 | 4 |
_aSuelos _xContaminación _9110327 |
|
| 650 | 4 |
_aSuelos _xCadmio en _9110224 |
|
| 650 | 4 |
_aAgua _xContaminación _92351 |
|
| 700 | 1 |
_aVázquez Alarcón, Antonio _9120293 |
|
| 700 | 1 |
_aRodríguez Neave, Francisco _998741 _esecretario. |
|
| 700 | 1 |
_aDíaz Vargas, Prócoro _9187166 _evocal. |
|
| 700 | 1 |
_aRobledo Santoyo, Edmundo _998041 _esuplente. |
|
| 700 | 1 |
_aVelázquez Ramírez, Luis _esuplente. _9118613 |
|
| 856 |
_uhttp://10.13.5.2/tesis/tl/1910856-8_GOMEZ_CHAMPO_YAINILETICIA.pdf _zDESCARGAR PDF |
||
| 942 |
_2Clasificación Universidad Autónoma Chapingo _cTD |
||
| 999 |
_c220709 _d220709 |
||